000 02293nam a22003497a 4500
003 OSt
005 20250801155310.0
008 230303s2010 ck a|||gr|||| 00| jdspa d
020 _a9789584242037
020 _a9788445077870
040 _aCO-JMCR
_cCO-JMCR
041 1 _aspa
_heng
082 0 4 _aJ-C
_bTOLc
100 1 _aTolkien, J. R. R.,
_eautor
_942720
245 1 0 _aCuentos desde el Reino Peligroso /
_cJ. R. R. Tolkien; ilustrado por Alan Lee; traducción de Estela Gutiérrez.
250 _aPrimera edición
260 _aBogotá:
_bMinotauro,
_c2010
300 _a348 páginas :
_bilustraciónes ;
_c19 cm.
490 _aBiblioteca J. R. R. Tolkien ;
_v5017/7
500 _aTítulo original: Tales from the perilous realm.
500 _aIncluye datos biográficos del autor.
505 0 _aIntroducción, de Tom Shippey -- Roverandom -- Egidio, el granjero de Ham -- Las aventuras de Tom Bombadil -- El Herrero de Wootton Mayor -- Hoja de Niggle -- Apéndices -- Sobre los cuentos de hadas -- Epílogo, de Alan Lee.
520 3 _aCuentos desde el Reino Peligroso reúne en un único volumen cinco relatos de fantasía y aventuras escritos por J. R. R. Tolkien que reafirman su papel como contador de historias para lectores de todas las edades. Las aventuras de "Roverandom", un perro de juguete; de "Egidio, el granjero de Ham", elegido para luchar contra el dragón; "Las aventuras de Tom Bombadil" con hobbits, princesas, enanos y trolls; de "El herrero de Wootton Mayor" en el País de las Hadas y de "Hoja de Niggle", un pintor que emprende la imposible tarea de pintar el árbol perfecto, se presentan en esta colección ilustrada por el reconocido artista Alan Lee, quien también aporta un epílogo. Se incluye además una introducción de Tom Ship- pey, experto en Tolkien, y el ensayo "Sobre los cuentos de hadas", escrito por Tolkien, que ofrece una cautivadora mirada a la imaginación del autor de El Hobbit.
546 _aTraducido del inglés.
650 1 4 _aNovela estadounidense
_942721
650 1 4 _aCuentos fantásticos
_ySiglo XX
_942721
650 2 4 _aAventuras
_vCuentos
_942722
650 2 4 _aSeres místicos
_vFicción
_942723
700 1 _aLee, Alan,
_eilustrador
_913261
700 1 _aGuttiérrez, Estela,
_etraductora
_942724
942 _2ddc
_cBK
999 _c30015
_d16399